| 000 | 00649nam a2200205 4500 | ||
|---|---|---|---|
| 001 | 144965 | ||
| 003 | ES-MaACL | ||
| 005 | 20230906201133.0 | ||
| 007 | t| | ||
| 008 | 070214s1965 sp r ||||1| spa d | ||
| 100 | 1 |
_aSmith, Paul Ignatius Slee. _9106911 |
|
| 245 | 1 | 0 |
_aMarketing y publicidad industrial / _cpor P. I. Slee ; traducido por José Ignacio Zarza Stuyck. |
| 260 |
_aBilbao : _bDeusto, _c1965 ( _fArtes Gráficas Grijelmo) |
||
| 300 |
_a256 p. ; _c22 cm. |
||
| 490 | 1 | _aGestión | |
| 700 | 1 |
_aZarza Stuyck, José Ignacio. _9118090 |
|
| 830 | 0 |
_aGestión _9184639 |
|
| 852 |
_aES-MaACL _jC-28483 _bR.57662 |
||
| 999 |
_c144965 _d144965 |
||